| 000 | 00837 a2200193 4500 | ||
|---|---|---|---|
| 999 |
_c94 _d94 |
||
| 020 | _a9781544333342 | ||
| 050 | 0 | 0 | _aBF76.5 PEL2019 |
| 100 | 1 |
_aPelham, Brett W., _d1961- _eauthor. |
|
| 245 | 1 | 0 |
_aConducting research in psychology : _bmeasuring the weight of smoke / _cBrett W. Pelham, Montgomery College, Georgetown University, Hart Blanton, Texas A&M University. |
| 264 | 1 |
_aLos Angeles : _bSAGE, _c2019. |
|
| 300 |
_axxi, 600 pages : _billustrations ; |
||
| 500 | _aIncludes index. | ||
| 504 | _aIncludes bibliographical references (pages 557-573) | ||
| 650 | 0 |
_aPsychology _xResearch _xMethodology. |
|
| 650 | 0 | _aPsychology, Experimental. | |
| 700 | 1 |
_aBlanton, Hart, _d1967- _eauthor. |
|
| 942 |
_2lcc _cBK _e5th ed _h76.5 _iPEL _kBF |
||